Racing Tracks/Circuits by Onboard #2 (SVG) - Statistics

General Stats
  • This quiz has been taken 296 times
  • The average score is 6 of 10
Answers on the Map
Answers color-coded by a green-red scale on the quiz's map according to % correct below.
 
Answer Stats
Answer % Correct
Circuit de Monaco
100%
Baku City Circuit
87%
Indianapolis Motor Speedway
65%
Circuit of the Americas
63%
Jeddah Corniche Circuit
63%
Las Vegas Strip Circuit
63%
Silverstone Circuit
51%
Red Bull Ring
50%
Mount Panorama Circuit
45%
Circuit de Barcelona-Catalunya
24%
No matching quizzes found
Score Distribution
Percent of People with Each Score
Percentile by Number Answered
Your Score History
You have not taken this quiz